| 000 | 00753nam a22002177a 4500 | ||
|---|---|---|---|
| 003 | AUA.1 | ||
| 005 | 20251118173257.0 | ||
| 008 | 250701b |||||||| |||| 00| 0 eng d | ||
| 040 | _cJTL | ||
| 100 | _ade Villiers, Aubrey-John | ||
| 245 |
_aThe jubilee, God's redemptive institution : _bA comparative study of redemption within Leviticus 25:23-55 and the book of Revelation / _cAubrey-John de Villiers. |
||
| 260 | _cc2024. | ||
| 300 |
_aviii,79 leaves : _bIllustrations : _c30cm. |
||
| 650 |
_aRedemption _xChristianity |
||
| 650 |
_aJubilee (Judaism) _933291 |
||
| 650 | _aBible. Leviticus | ||
| 650 | _aBible. Revelation | ||
| 690 | _aLeviticus 25:23-55 | ||
| 690 | _aRevelation 14:3-5 | ||
| 942 |
_2aua _cPROJECT _hMABTS _i.V55 2024 |
||
| 999 |
_c25135 _d25135 |
||